| 000 | 03389nam a2200385 a 4500 | ||
|---|---|---|---|
| 003 | Mxchpua | ||
| 005 | 20250709181824.0 | ||
| 007 | ta | ||
| 008 | 250122s2024 m,xbdo|fs|||| 001 0 spa d | ||
| 040 | _amxchpua | ||
| 090 |
_aT.C.946 _bS26 IAI _c2024 |
||
| 245 | 1 |
_aReporte de la fase de campo de Interrelación Agricultura-Industria para los sitemas producto cacao y palma de aceite en los estados de Chiapas y Tabasco / _ccoordinadora Ofelia Sandoval Castilla ; colaboradores Camelia Alejandra Alcantara Ramírez...[y otros] |
|
| 260 |
_aChapingo, México : _bEl autor, _c2024 |
||
| 300 |
_a1 recurso en línea (264 páginas) : _bmapas, gráficas, diagramas, tablas, fotos |
||
| 336 |
_2rdacontent _aTexto _btxt |
||
| 337 |
_2rdamedia _acomputadora _bc |
||
| 338 |
_2rdacarrier _arecurso en línea _bcr |
||
| 500 | _aGrado 5° ; Grupo 4 | ||
| 502 |
_aViaje de Estudios _b(IAI) -- _cUACh. Departamento de Ingeniería Agroindustrial, _d2024 |
||
| 504 | _aBibliografía: páginas 261-264 | ||
| 505 | 0 |
_aVisitas: _tI. CACAO -- 1. Agroindustrias de cerro santo -- 2. Academia mexicana del cacao -- 3. Otoch Chukwá- La casa del chocolate -- 4. La salamandra cacaotera -- 5. Flores Chocolate Artesanal -- 6. Luúm chocolate -- 7. Finca 4 hermanos -- 8. Jangala cacao y selva -- 9. Productor: Eder Herrera López -- 10. Rayen Cacao Sostenible S.P.R. de R.L. -- 11. Chocolatería ADIÚ -- 12. Agrocacao Industrial S.A DE C.V. -- 13. La Loca Cacaoteria -- 14. Productor Rancho el Rocio -- 15. Productor ADJAL -- 16. Agroindustria “Asociación de Agroindustrias Serranas.” -- 17. Productor -L.J Agrocacao -- 18. Productor – Hacienda La Luz -- 19. Hacienda Cacaotera Jesús María -- 20. Quinta Tulipán -- 21. Finca Procesadora de Cacao Broca -- II. ACEITE DE PALMA -- 22. Zitihuatl SPR de RLE -- 23. Aceitera Chiapaneca La Palma S. D. de P.R. de R.L. de C.V. -- 24. Sergio Lucio Villalón -- 25. Productor Carlos Homero López Lena -- 26. Rancho Trinidad -- 27. Productor José Kouri -- 28. CBTA 045 -- 29. Productor Francisco Nares -- 30. Productora Elodia Sandoval -- 31. Productor Francisco Constantino -- 32. Centro de Acopio de la Asociación Mundo Maya -- 33. Oleopalma Palenque -- 34. UUMBAL -- 35. FIRA Palenque -- 36. UNACH -- 37. Asociación Cooperativa El Malayo -- 38. Astrorey -- 39. Ideas Palmas -- 40. El Balzon SC de RL de C.V -- 41. Productor de la asociación El Balzon -- 42. Productora de la asociación El Balzon -- 43. Productor socio del El Balzon -- 44. Oleopalma Jalapa -- 45. CIISPALMA |
|
| 650 | 1 | 3 |
_a Industria del cacao _9185308 _zMéxico _zChiapas |
| 650 | 1 | 3 |
_a Industria del cacao _9185308 _zMéxico _zTabasco |
| 650 | 1 | 3 |
_aIndustria de la grasa y el aceite _xIniciativa empresarial _zMéxico _zChiapas _9162382 |
| 650 | 1 | 3 |
_aIndustria de la grasa y el aceite _zMéxico _zTabasco _9154338 |
| 650 | 1 | 3 |
_aProductos derivados de aceite de palma _9189862 |
| 650 | 1 | 3 |
_aCocoa industry _9150788 _zMexico _zChiapas |
| 650 | 1 | 3 |
_aCocoa industry _9150788 _zMexico _zTabasco |
| 650 | 1 | 3 |
_aFats and oils industry _9157566 _zMexico _zChiapas |
| 650 | 1 | 3 |
_aFats and oils industry _9157566 _zMexico _zTabasco |
| 650 | 1 | 3 |
_aOil palm products _9189863 |
| 700 | 1 |
_aSandoval Castilla, Ofelia _9151810 _ecoordinadora |
|
| 700 |
_aAlcántara Ramírez, Camila Alejandra _ecolaboradora _9189861 |
||
| 856 | 4 | 0 |
_uhttp://10.13.5.2/ve/TC946_IAI/TC946_IAI_2024-REPORTE.pdf _yDESCARGAR REPORTE |
| 999 |
_c220357 _d220357 |
||